000 00355nam a22001457a 4500
008 210302b ||||| |||| 00| 0 eng d
020 _a9780471413653
041 _aeng
080 _22nd
_a338
082 _a338
100 _a54
101 _aMEN
245 _aManagerial Accounting Tools for Business Decision Making
_cWeygandt, J. J
942 _2udc
_cBK
999 _c55499
_d55499